000
00236nam a2200097Ia 4500
001
695348
005
20250826161951.0
008
250824s9999 xx 000 0 und d
245
0
_a
İhanet Noktası
_c
Dan Brown
260
_b
ALTIN KİTAPLAR
999
_c
695348
_d
695348